[Event "TCh-SLO"]
[Site "Murska Sobota SLO"]
[Date "2008.12.06"]
[Round "1"]
[White "Muzychuk,A"]
[Black "Skoberne,J"]
[Result "1/2-1/2"]
[WhiteElo "2508"]
[BlackElo "2501"]

1.e4 c5 2.Nf3 d6 3.Bb5+ Bd7 4.Bxd7+ Qxd7 5.c4 Nc6 6.Nc3 Nf6 7.d4 cxd4 8.Nxd4 g6
9.f3 Bg7 10.Be3 O-O 11.O-O Rfc8 12.Nde2 Qd8 13.b3 a6 14.a4 Nd7 15.Rb1 Nc5
16.Kh1 Rab8 17.Qd2 Qa5 18.Rfd1 Qb4 19.Qc2 Qa5 20.Qd2 Qb4 21.Qc2 Qa5 22.Qd2  1/2-1/2

[Event "III Open"]
[Site "Palma de Mallorca ESP"]
[Date "2008.12.06"]
[Round "1"]
[White "Ferrer Roig,J"]
[Black "Safarli,E"]
[Result "0-1"]
[WhiteElo "2156"]
[BlackElo "2568"]

1.e4 c5 2.Nf3 d6 3.Bb5+ Nd7 4.O-O Nf6 5.d4 cxd4 6.e5 dxe5 7.Nxe5 Qb6 8.Qe2 a6
9.Ba4 Qa5 10.Nc4 Qc7 11.Ne5 e6 12.Re1 Bd6 13.Nxf7 Bxh2+ 14.Kh1 O-O 15.Ng5 Nc5
16.Bb3 Bd6 17.Nxe6 Bxe6 18.Bxe6+ Nxe6 19.Qxe6+ Kh8 20.Qf5 Ng8 21.Qd3 Rxf2
22.Nd2 Qa5 23.c3 Raf8 24.Qh3 R8f5 25.Kg1 dxc3 26.Ne4 cxb2 27.Bxb2 Rxb2 28.Nxd6 Rff2
29.Kh1 Qd5 30.Rad1 Rbd2 31.Rxd2 Qxd2 32.Qe6 Rf6  0-1

[Event "58th ch-GRE"]
[Site "Rhodes GRE"]
[Date "2008.12.06"]
[Round "7"]
[White "Dagkakis,P"]
[Black "Nikolaidis,I"]
[Result "0-1"]
[WhiteElo "2272"]
[BlackElo "2529"]

1.e4 c5 2.Nf3 d6 3.Bb5+ Nc6 4.O-O Bd7 5.Re1 Nf6 6.c3 a6 7.Bf1 Bg4 8.d3 e6
9.Nbd2 Bh5 10.h3 d5 11.exd5 Nxd5 12.g4 Bg6 13.Nc4 Bd6 14.Nxd6+ Qxd6 15.Ng5 O-O
16.Ne4 Qe7 17.Bg2 Rad8 18.Bd2 h6 19.Qb3 b6 20.Rad1 Qc7 21.Qa4 a5 22.Bc1 Rd7
23.Ng3 Rfd8 24.Be4 Nde7 25.Ne2 Bxe4 26.Qxe4 Qe5 27.Qf3 Qd5 28.Qxd5 Rxd5 29.Nf4 R5d7
30.Re3 e5 31.Ne2 c4 32.d4 exd4 33.cxd4 Nd5 34.Re4 Nf6 35.Rf4 Nd5 36.Re4 Ndb4
37.a4 Nd3 38.d5 Rxd5 39.Rxc4 Nce5 40.Re4 Nf3+ 41.Kg2 Nde1+ 42.Rxe1 Nxe1+
43.Kg3 Rd3+ 44.Be3 Nc2  0-1

[Event "Mediterranean Open"]
[Site "Rijeka CRO"]
[Date "2008.12.06"]
[Round "9"]
[White "Stojanovski,D"]
[Black "Gombac,Jan"]
[Result "1-0"]
[WhiteElo "2429"]
[BlackElo "2290"]

1.e4 c5 2.Nf3 d6 3.Bb5+ Nc6 4.O-O Bd7 5.Re1 Nf6 6.h3 a6 7.Bf1 e6 8.c3 Be7
9.a3 O-O 10.b4 Rc8 11.d3 b5 12.Bf4 a5 13.bxc5 dxc5 14.d4 cxd4 15.Bxb5 Qb6
16.c4 Rfd8 17.e5 Ne8 18.Qd3 Nc7 19.Nbd2 Na6 20.Ng5 Bxg5 21.Bxg5 Rf8 22.Qg3 Kh8
23.Ne4 h6 24.Qh4 Nxe5 25.Bf6 Kg8 26.Bxe5 Bxb5 27.cxb5 Qxb5 28.Nd6  1-0

[Event "Open"]
[Site "Figueira da Foz POR"]
[Date "2008.12.07"]
[Round "9"]
[White "Perez,Rol"]
[Black "Nebolsina,V"]
[Result "1-0"]
[WhiteElo "2322"]
[BlackElo "2340"]

1.e4 c5 2.Nf3 d6 3.Bb5+ Nc6 4.Bxc6+ bxc6 5.O-O e5 6.Re1 Be7 7.c3 Nf6 8.Qa4 O-O
9.d4 exd4 10.cxd4 Bg4 11.e5 Nd5 12.exd6 Bxd6 13.dxc5 Bxf3 14.cxd6 Re8 15.Rxe8+ Qxe8
16.Bd2 Be4 17.Nc3 Nxc3 18.Bxc3 f5 19.f3 Bd5 20.Re1 Qg6 21.Re7 Bf7 22.Qxc6 Rd8
23.Qc7  1-0

[Event "III Open"]
[Site "Palma de Mallorca ESP"]
[Date "2008.12.08"]
[Round "3"]
[White "Ferrer Roig,J"]
[Black "Torres Mari,J"]
[Result "1-0"]
[WhiteElo "2156"]
[BlackElo "1743"]

1.e4 c5 2.Nf3 d6 3.Bb5+ Bd7 4.Bxd7+ Qxd7 5.O-O Nc6 6.c3 Nf6 7.d4 cxd4 8.cxd4 e6
9.Nc3 d5 10.e5 Ne4 11.Ne2 Be7 12.Ne1 h6 13.Be3 O-O 14.Nf4 Rac8 15.Qg4 f5
16.Qg6 Nd8 17.Nh5 Rf7 18.Bxh6 Bf8 19.f3 Kh8 20.Be3 f4 21.Nxf4  1-0

[Event "Helio da Motta Filho Cup"]
[Site "Rio de Janeiro BRA"]
[Date "2008.12.08"]
[Round "3"]
[White "Chauca,J"]
[Black "Fontes,C1"]
[Result "1/2-1/2"]
[WhiteElo "2185"]
[BlackElo "2222"]

1.e4 c5 2.Nf3 d6 3.Bb5+ Bd7 4.Bxd7+ Qxd7 5.O-O Nc6 6.d4 cxd4 7.Nxd4 Nf6 8.Re1 g6
9.b3 Nxd4 10.Qxd4 Bg7 11.c3 O-O 12.Bb2 Rfc8 13.c4 b5 14.Na3 bxc4 15.Nxc4 Qb7
16.Rad1 Rc5 17.Qd3 Rac8 18.Bd4 R5c7 19.h3 Ne8 20.Bxg7 Nxg7 21.e5 dxe5 22.Rxe5 Ne6
23.Rd5 Qa6 24.Ra5 Qb7 25.Rd5 Qa6 26.Ra5 Qb7  1/2-1/2

[Event "29th Edoardo Crespi Mem"]
[Site "Milan ITA"]
[Date "2008.12.09"]
[Round "5"]
[White "Mastroddi,E"]
[Black "Rettore,L"]
[Result "1/2-1/2"]
[WhiteElo "2069"]
[BlackElo "2171"]

1.e4 c5 2.Nf3 d6 3.Bb5+ Bd7 4.Bxd7+ Qxd7 5.O-O Nc6 6.c3 Nf6 7.d4 cxd4 8.cxd4 d5
9.e5 Ne4 10.Ne1 h6 11.f3 Ng5 12.Nc3 e6 13.Nc2 Be7 14.Kh1 O-O-O 15.Qe2 Kb8
16.f4 Nh7 17.Qd3 f5 18.exf6 gxf6 19.Qe2 f5 20.Re1 Nf8 21.Be3  1/2-1/2

[Event "III Open"]
[Site "Palma de Mallorca ESP"]
[Date "2008.12.10"]
[Round "5"]
[White "Andres Gonzalez,I"]
[Black "Saravanan,V1"]
[Result "1/2-1/2"]
[WhiteElo "2331"]
[BlackElo "2417"]

1.e4 c5 2.Nf3 d6 3.Bb5+ Nd7 4.d4 cxd4 5.Qxd4 Nf6 6.Nc3 e5 7.Qd3 Be7 8.Bg5 O-O
9.Bxd7 Qxd7 10.Rd1 Rd8 11.O-O Qg4 12.Bxf6 Bxf6 13.Nd5 Be6  1/2-1/2

[Event "III Open"]
[Site "Palma de Mallorca ESP"]
[Date "2008.12.10"]
[Round "5"]
[White "Devereaux,M"]
[Black "Glicenstein,A"]
[Result "1-0"]
[WhiteElo "2415"]
[BlackElo "2225"]

1.e4 c5 2.Nf3 d6 3.Bb5+ Bd7 4.Bxd7+ Qxd7 5.O-O Nf6 6.e5 dxe5 7.Nxe5 Qc7 8.d4 e6
9.Nc3 a6 10.Nc4 cxd4 11.Qxd4 Nc6 12.Qb6 Qxb6 13.Nxb6 Rd8 14.Bg5 Be7 15.Rad1 O-O
16.Bxf6 Bxf6 17.Nd7 Rfe8 18.Nxf6+ gxf6 19.Ne4 Kg7 20.Nc5 Rd5 21.Rxd5 exd5
22.Rc1 Nd4 23.Kf1 Rc8 24.b4 a5 25.c3 Ne6 26.Nd3 Rc4 27.a3 d4 28.cxd4 Rxd4
29.Rc3 axb4 30.Nxb4 Nf4 31.Rc1 Rd2 32.g3 Ne6 33.Rc3 Rb2 34.Nd3 Rb1+ 35.Kg2 Ra1
36.h4 Nd4 37.Nf4 Nb5 38.Rb3 Nxa3 39.Rxb7 Nc4 40.Ne6+ Kg6 41.h5+ Kxh5 42.Nf4+ Kh6
43.Rxf7 Ra6 44.Nd5 Kg6 45.Rc7 Nd6 46.Ne7+ Kf7 47.Nf5+ Kg6 48.Nh4+ Kh6 49.Rd7 Ne8
50.f4 Ng7 51.Kh3 f5 52.Rd5 Rf6 53.Ra5 Rf7 54.Ra6+  1-0

[Event "III Open"]
[Site "Palma de Mallorca ESP"]
[Date "2008.12.12"]
[Round "7"]
[White "Alemany Jara,A"]
[Black "Navarro Lopez Menchero,D"]
[Result "0-1"]
[WhiteElo "1717"]
[BlackElo "2076"]

1.e4 c5 2.Nf3 d6 3.Bb5+ Bd7 4.Bxd7+ Qxd7 5.O-O Nc6 6.c3 Nf6 7.Re1 e6 8.d4 cxd4
9.cxd4 Be7 10.Nc3 O-O 11.Bf4 d5 12.exd5 Nxd5 13.Nxd5 Qxd5 14.a3 Rfd8 15.Be3 Bf6
16.Qe2 Nxd4 17.Nxd4 Bxd4 18.Rad1 Qc5 19.Qd3 e5 20.Bxd4 Rxd4 21.Qb3 b6 22.Rc1 Qd6
23.Qc2 Rd8 24.h3 g6 25.Qb3 Rd2 26.Qc3 Qf6 27.Rf1 Qf4 28.Qc7 R8d7 29.Qc8+ Kg7
30.Qe8 Rd8 31.Qe7 R2d7 32.Qb4 Qxb4 33.axb4 Rd2 34.Rfe1 R8d5 35.Rc7 Rxb2 36.Rxa7 Rxb4
37.Rc1 e4 38.g4 Rd6 39.Re1 Re6 40.f3 e3 41.Ra2 Rb3 42.Rae2 b5 43.Kg2 b4 44.f4 Rc3
45.Rb1 b3 46.Kf3 f5 47.gxf5 gxf5 48.Rbb2 Kf7 49.Rb1 Ke7 50.h4 Kd6 51.Rd1+ Kc7
52.Rb1 Kc6 53.Rbb2 Kc5 54.Rb1 Kc4 55.h5 Rc2 56.Rxe3 Rxe3+ 57.Kxe3 Kc3 58.Rd1 b2
59.Rd8 b1=Q 60.Rc8+ Kb2 61.Rb8+ Kc1 62.Rxb1+ Kxb1 63.Kd4 Rh2 64.h6 Rxh6 65.Ke5 Rh5  0-1

[Event "15th Croatian Open A"]
[Site "Zadar CRO"]
[Date "2008.12.14"]
[Round "1"]
[White "Kristovic,M"]
[Black "Saric,A"]
[Result "1/2-1/2"]
[WhiteElo "2337"]
[BlackElo "2505"]

1.e4 c5 2.Nf3 d6 3.Bb5+ Bd7 4.Bxd7+ Qxd7 5.O-O Nf6 6.Re1 Nc6 7.b3 g6 8.Bb2 Bg7
9.c4 a6 10.Nc3 Ng4 11.Na4 Bxb2 12.Nxb2 Nge5 13.d3 Nxf3+ 14.Qxf3 Nd4 15.Qd1 b5
16.Qd2 O-O 17.Nd1 b4 18.Ne3 a5 19.Nc2 Nxc2 20.Qxc2 a4 21.a3 axb3 22.Qxb3 Ra4
23.axb4 Rxb4 24.Qc3 Rfb8 25.Ra3 Qb7 26.g3 Rb2 27.h4 Qb4 28.e5 Qxc3 29.Rxc3 Rb1
30.Kf1 dxe5 31.Rxb1 Rxb1+ 32.Ke2 Rb6 33.Ke3 f5 34.Ra3 Kf7 35.Ra8 Rc6 36.Rh8 Kg7
37.Re8 Kf6 38.Rh8 h6 39.Rh7 Re6 40.f3 Rd6 41.g4 fxg4 42.fxg4 e4 43.dxe4 Rd4
44.Rxh6 Kg7 45.g5 Rxc4 46.Kf4 Rd4 47.h5 gxh5 48.Re6 Kf7 49.Rc6 Rc4 50.g6+ Kg7
51.Re6 Kh6 52.Kf5 Rc1 53.g7+ Kxg7 54.Rxe7+ Kh6 55.Re6+ Kg7  1/2-1/2

[Event "XXI Carlos Torre KO"]
[Site "Merida MEX"]
[Date "2008.12.17"]
[Round "1.1"]
[White "Meier,Geo"]
[Black "Leon Hoyos,M"]
[Result "1-0"]
[WhiteElo "2558"]
[BlackElo "2535"]

1.e4 c5 2.Nf3 d6 3.Bb5+ Bd7 4.Bxd7+ Qxd7 5.c4 Nf6 6.Nc3 g6 7.d4 cxd4 8.Nxd4 Bg7
9.f3 O-O 10.Be3 a6 11.a4 Rc8 12.b3 Nc6 13.O-O Qd8 14.Nde2 Nd7 15.Rb1 Nc5
16.Qd2 Na5 17.Qc2 e6 18.Rfc1 Qc7 19.Nd1 Nd7 20.Qd2 Nc5 21.Qc2 Nd7 22.Qa2 Nc6
23.Qd2 Rd8 24.Kh1 Rac8 25.h3 Nc5 26.Bg5 Re8 27.Nf2 Na5 28.Qe3 Nd7 29.Nd1 Nc6
30.Bf4 Nce5 31.Ndc3 Bf8 32.Rd1 Nc6 33.Qd2 Nde5 34.Bg5 Na5 35.Bh6 Bxh6 36.Qxh6 Qb6
37.Qd2 Nec6 38.Qb2 Red8 39.Nf4 Qe3 40.Qd2 Qxd2 41.Rxd2 Ne5 42.Nfe2 Kf8 43.f4 Nec6
44.Kg1 Ke7 45.Kf2 Nb4 46.Nc1 Nac6 47.Nd3 Nxd3+ 48.Rxd3 Nb4 49.Rd2 Rc7 50.Rbd1 Rcc8
51.Ke3 Nc6 52.Ne2 Rb8 53.Nd4 Nxd4 54.Rxd4 a5 55.e5 dxe5 56.fxe5 Rxd4 57.Rxd4 b6
58.Kd3 Rb7 59.Kc3 f6 60.exf6+ Kxf6 61.b4 e5 62.Rd6+ Kf5 63.bxa5 bxa5 64.Rd5 Kf4
65.Rxa5 e4 66.Rb5 Re7 67.Rb2 e3 68.Kd3 Rd7+ 69.Ke2 Rc7 70.Rc2 Rc5 71.Kd3 Ra5
72.c5 Rxa4 73.c6 Ra8 74.Ke2 Rc8 75.c7 h5 76.Kd3 g5 77.Ke2 h4 78.Kd3 g4 79.hxg4 Kxg4
80.Kxe3 Kg3 81.Ke4 Re8+ 82.Kd5  1-0

[Event "TCh-ISR 2008-9"]
[Site "Israel ISR"]
[Date "2008.12.19"]
[Round "3"]
[White "Katzir,M"]
[Black "Kogan,Ar"]
[Result "0-1"]
[WhiteElo "2279"]
[BlackElo "2561"]

1.e4 c5 2.Nf3 d6 3.Bb5+ Nd7 4.O-O Nf6 5.Re1 a6 6.Bf1 b5 7.a4 b4 8.c3 Bb7
9.d3 bxc3 10.bxc3 e6 11.Nbd2 Be7 12.d4 O-O 13.Bd3 Qc7 14.e5 Nd5 15.Nc4 Nxc3
16.Qc2 cxd4 17.Bf4 dxe5 18.Bxh7+ Kh8 19.Nfxe5 Nxe5 20.Nxe5 Bd6 21.Qd3 Nd5
22.Bg5 Bxe5 23.Rac1 Qd6 24.Re4 Nf4 25.Qf3 Kxh7 26.Bxf4 Bxf4  0-1

[Event "Pearl Spring"]
[Site "Nanjing CHN"]
[Date "2008.12.20"]
[Round "9"]
[White "Movsesian,S"]
[Black "Ivanchuk,V"]
[Result "1/2-1/2"]
[WhiteElo "2732"]
[BlackElo "2786"]

1.e4 c5 2.Nf3 d6 3.Bb5+ Nd7 4.d4 Nf6 5.Nc3 cxd4 6.Qxd4 e5 7.Qd3 h6 8.Be3 Be7
9.O-O-O a6 10.Bc4 b5 11.Bb3 Bb7 12.g4 Nxg4 13.Rhg1 Nxe3 14.Qxe3 g6 15.Bd5 Rb8
16.Bxb7 Rxb7 17.Nd5 Nb6 18.Nxe5 dxe5 19.Nf6+ Bxf6 20.Rxd8+ Bxd8 21.Qc5 Nd7
22.Qc8 Ra7 23.Qc6 h5 24.a3 h4 25.h3 Ke7 26.Rd1 Rh5 27.Kb1 Rg5 28.Ka2 Rg2
29.c3 Rh2 30.f4 exf4 31.e5 Re2 32.Rxd7+ Rxd7 33.Qf6+  1/2-1/2

[Event "8th Amplico AIG Life Rapid"]
[Site "Warsaw POL"]
[Date "2008.12.20"]
[Round "3"]
[White "Berzina,I"]
[Black "Wojtaszek,R"]
[Result "0-1"]
[WhiteElo "2320"]
[BlackElo "2599"]

1.e4 c5 2.Nf3 d6 3.Bb5+ Nd7 4.c3 Nf6 5.Qe2 a6 6.Ba4 b5 7.Bc2 e6 8.O-O Be7
9.d4 O-O 10.e5 Nd5 11.a4 cxd4 12.axb5 dxc3 13.Nxc3 Nxc3 14.bxc3 Nc5 15.Be3 d5
16.Bxc5 Bxc5 17.bxa6 Be7 18.Nd4 Qc7 19.Rfc1 f6 20.f4 fxe5 21.fxe5 Bg5 22.Qh5 Bh6
23.Bd3 Bxa6 24.Bc2 Qe7 25.Re1 Bc4 26.Qg4 Rxa1 27.Rxa1 Bd2 28.Qxe6+ Qxe6 29.Nxe6 Re8
30.Nc7 Rxe5 31.Ra8+ Kf7 32.Bxh7 Be3+ 33.Kh1 Bb6 34.Bg8+ Kg6 35.h4 Bxc7 36.Ra7 Re1+  0-1

[Event "8th Amplico AIG Life Rapid"]
[Site "Warsaw POL"]
[Date "2008.12.20"]
[Round "5"]
[White "Socko,M"]
[Black "Grossmann,R"]
[Result "1-0"]
[WhiteElo "2434"]
[BlackElo "2185"]

1.e4 c5 2.Nf3 d6 3.Bb5+ Bd7 4.Bxd7+ Qxd7 5.O-O Nc6 6.c3 g6 7.d4 Bg7 8.d5 Na5
9.Qe2 b6 10.c4 Nb7 11.Nc3 f6 12.Ne1 Nh6 13.Nd3 Nf7 14.f4 e5 15.dxe6 Qxe6
16.Nd5 O-O-O 17.f5 gxf5 18.N3f4 Qxe4 19.Be3 Rhe8 20.Rae1 Ne5 21.Qh5 Qxc4
22.Qxf5+ Kb8 23.Qxh7 Rd7 24.b3 Qb5 25.Qf5 Qc6 26.Bd2 Rf7 27.Ne3 Qc8 28.Qc2 Bh6
29.Ned5 Bxf4 30.Bxf4 Qe6 31.Qd2 Rg8 32.Bg3 Na5 33.Nf4 Qd7 34.Nh5 Qe6 35.Rd1 Rd8
36.Nf4 Qg4 37.Nd5 Qe6 38.Bh4 Nac6 39.Nxf6 Nd4 40.Ne4 Rdf8 41.Bg3 Rxf1+ 42.Rxf1 Rxf1+
43.Kxf1 Qf5+ 44.Qf4 Kc7 45.Qxf5 Nxf5 46.Bxe5 dxe5 47.Ke2 Kc6 48.g4 Nh4 49.Kf2 Kd5
50.Nd2 Kd4 51.Kg3 Kd3 52.Nc4 Ng6 53.h4 b5 54.h5 bxc4 55.hxg6 c3 56.g7 c2
57.g8=Q c1=Q 58.Qd5+ Ke2 59.Qxe5+ Kd1 60.Qd5+ Ke2 61.Qf3+  1-0

[Event "15th Croatian Open A"]
[Site "Zadar CRO"]
[Date "2008.12.20"]
[Round "9"]
[White "Kristovic,M"]
[Black "Zufic,M"]
[Result "0-1"]
[WhiteElo "2337"]
[BlackElo "2429"]

1.e4 c5 2.Nf3 d6 3.Bb5+ Nd7 4.O-O Nf6 5.Nc3 a6 6.Bxd7+ Nxd7 7.d4 cxd4 8.Qxd4 e6
9.Rd1 Qc7 10.a4 Ne5 11.Nxe5 dxe5 12.Qd3 Bb4 13.Bd2 Be7 14.Be3 b6 15.f3 O-O
16.Qe2 Rb8 17.Rd3 Bd7 18.Rad1 Bc6 19.b3 Qb7 20.Bf2 b5 21.axb5 axb5 22.Ra1 Ra8
23.Rdd1 b4 24.Na4 Bb5 25.Qe3 Qc6 26.Nc5 h6 27.c4 bxc3 28.Qxc3 Rxa1 29.Rxa1 Rd8
30.Rc1 Bg5 31.Be3 Bf6 32.Kf2 h5 33.g3 g5 34.h3 Kg7 35.Ra1 Kg6 36.b4 g4 37.fxg4 hxg4
38.h4 Bg7 39.Qb3 Bf8 40.Rc1 Bxc5 41.Rxc5 Qxe4 42.Qc2 Bd3 43.Qd1 Qxb4 44.h5+ Kh7
45.Rc7 Kg8 46.Kg1 Qe4 47.Bf2 Qf5 48.Rc3 Rd5 49.Qa4 Be4 50.Rc8+ Kh7 51.Rf8 Kg7
52.h6+ Kxf8 53.Qa3+ Kg8 54.Qa8+ Kh7 55.Qf8 Rd1+  0-1

[Event "TCh-HUN 2008-9"]
[Site "Budapest HUN"]
[Date "2008.12.21"]
[Round "4"]
[White "Varga,Cs2"]
[Black "Balogh,C"]
[Result "0-1"]
[WhiteElo "2391"]
[BlackElo "2616"]

1.e4 c5 2.Nf3 d6 3.Bb5+ Bd7 4.Bxd7+ Nxd7 5.O-O Ngf6 6.Qe2 e6 7.c3 Be7 8.d4 O-O
9.Rd1 Qc7 10.e5 Nd5 11.c4 N5b6 12.exd6 Qxd6 13.Nc3 cxd4 14.Rxd4 Qc6 15.Bd2 Rfd8
16.b3 Bf6 17.Rg4 Nc5 18.Rd1 a6 19.h4 g6 20.h5 Bg7 21.Ne5 Qe8 22.hxg6 hxg6
23.Rh4 Rd6 24.Bf4 Rxd1+ 25.Nxd1 Rd8 26.Nc3 Qe7 27.Rg4 Nbd7 28.Bg5 Bf6 29.Nf3 Bxg5
30.Rxg5 Nf6 31.Qe3 Rd3 32.Qxc5 Qxc5 33.Rxc5 Rxc3 34.Rc8+ Kg7 35.Ne5 Ne4 36.Rc7 b5
37.Rxf7+ Kh6 38.Rf4 Nd2 39.cxb5 axb5 40.g3 Rc5 41.Nf7+ Kh7 42.Kg2 Rd5 43.Rg4 Kg7
44.Ng5 Kf6 45.Nh3 e5 46.Rb4 g5 47.f3 Rc5 48.Nf2 Ke6 49.Nd3 Rd5 50.Ne1 Nb1
51.Kh3 Nc3 52.a3 Rd2 53.Kg4 Kf6 54.a4 Nd5 55.Re4 Nc3 56.Rb4 Nd5 57.Re4 Nc3
58.Rb4 Nd5  0-1

[Event "1st Asian Clubs"]
[Site "Al Ain UAE"]
[Date "2008.12.26"]
[Round "2"]
[White "Hatanbaatar,B"]
[Black "Paragua,M"]
[Result "0-1"]
[WhiteElo "2375"]
[BlackElo "2526"]

1.e4 c5 2.Nf3 d6 3.Bb5+ Nc6 4.Bxc6+ bxc6 5.O-O e5 6.c3 Nf6 7.Re1 Be7 8.d4 cxd4
9.cxd4 Nd7 10.Qc2 Bb7 11.Be3 O-O 12.Nbd2 Qc7 13.Rac1 Rac8 14.Qa4 c5 15.dxe5 dxe5
16.Red1 Rfd8 17.Nf1 Nf8 18.Rxd8 Rxd8 19.Ng3 Ne6 20.Qc4 g6 21.h4 Qd6 22.Ng5 Ba6
23.Qa4 c4 24.b3 Nd4 25.bxc4 Qa3 26.Qxa3 Bxa3 27.Rb1 f6 28.Nf3 Bxc4 29.Rb7 a5
30.Ra7 Nc6 31.Rc7 Rd6 32.Rc8+ Kf7 33.Rc7+ Ke8 34.Rxh7 Bxa2 35.h5 gxh5 36.Nxh5 Ne7
37.Ng7+ Kd7 38.Nf5 Re6 39.N3h4 Kc6 40.Ng7 Rd6 41.Ne8 Rd1+ 42.Kh2 Ng8 43.Rc7+ Kb5
44.Nf5 a4 45.Rb7+ Kc4 46.Rb6 Bb4 47.Nc7 Kc3 48.Ne6 Ba5 49.Rb5 Bd8 50.Rc5+ Bc4
51.Nc7 Bxc7 52.Rxc7 a3 53.Bb6 a2 54.Ne3 a1=Q 55.Rxc4+ Kb3 56.Bc5 Rh1+ 57.Kg3 Qg1
58.Rb4+ Kc3 59.Rb8 Nh6 60.Bb4+ Kd3 61.Rd8+ Kxe4 62.f3+ Kxe3 63.Bc5+ Ke2 64.Bxg1 Rxg1
65.Rf8 Nf5+ 66.Kh2 Kf2 67.g4 Rg2+ 68.Kh3 Rg3+ 69.Kh2 Nd4  0-1

[Event "17th Donau Open"]
[Site "Aschach AUT"]
[Date "2008.12.26"]
[Round "1"]
[White "Fruehauf,N"]
[Black "Hebesberger,T"]
[Result "0-1"]
[WhiteElo "2069"]
[BlackElo "2354"]

1.e4 c5 2.Nf3 d6 3.Bb5+ Nd7 4.O-O Nf6 5.Re1 a6 6.Bf1 Ne5 7.h3 e6 8.d4 Nxf3+
9.gxf3 cxd4 10.Qxd4 e5 11.Qd3 Be7 12.f4 O-O 13.Nc3 b5 14.Bg2 h6 15.Be3 Qc7
16.Rad1 Bb7 17.Ne2 Rad8 18.Ng3 Rfe8 19.Nf5 Bf8 20.Bc1 g6 21.Ng3 d5 22.exd5 Nxd5
23.Bxd5 Rxd5 24.Qe2 Rxd1 25.Qxd1 Qc6 26.f3 exf4 27.Rxe8 Qxe8 28.Bxf4 Kh7
29.Kg2 Qe6 30.b3 Bc8 31.Qh1 Qf6 32.Bc1 Qc3 33.Qd1 Bb7 34.Ne4 Bxe4 35.fxe4 Qa1
36.Qd2 Qxa2 37.Kf3 Qa1 38.Qf4 Bg7 39.Ke2 Qc3  0-1

[Event "5th Open"]
[Site "Vandoeuvre les Nancy FRA"]
[Date "2008.12.26"]
[Round "1"]
[White "Svetushkin,D"]
[Black "Linster,P"]
[Result "1-0"]
[WhiteElo "2588"]
[BlackElo "2196"]

1.e4 c5 2.Nf3 d6 3.Bb5+ Nc6 4.O-O Bd7 5.Re1 Nf6 6.c3 a6 7.Ba4 b5 8.Bc2 c4
9.b3 cxb3 10.axb3 Bg4 11.d4 e6 12.Nbd2 Be7 13.h3 Bh5 14.d5 Ne5 15.g4 Nxf3+
16.Nxf3 Nxg4 17.hxg4 Bxg4 18.Qd3 e5 19.Nh2 h5 20.Rxa6 Rxa6 21.Qxb5+ Kf8 22.Qxa6 Bg5
23.Nxg4 Bxc1 24.Rxc1 Qg5 25.Qc8+ Ke7 26.Qc7+ Kf8 27.Ra1 Qxg4+ 28.Kf1 Qh3+
29.Ke1 Kg8 30.Ra7 Qf3 31.Qc8+  1-0

[Event "18th North American Open"]
[Site "Las Vegas USA"]
[Date "2008.12.27"]
[Round "2"]
[White "Parry,M"]
[Black "Cicak,S"]
[Result "0-1"]
[WhiteElo "2261"]
[BlackElo "2564"]

1.e4 c5 2.Nf3 d6 3.Bb5+ Nd7 4.d4 cxd4 5.Qxd4 a6 6.Bxd7+ Bxd7 7.Nc3 Rc8 8.O-O e5
9.Qd3 h6 10.Be3 Nf6 11.Nd2 Qc7 12.a4 Be6 13.a5 Be7 14.Ra4 O-O 15.Rc1 Qc6
16.Rb4 d5 17.Rb6 Qd7 18.exd5 Nxd5 19.Nxd5 Qxd5 20.Qe4 f5 21.Qxd5 Bxd5 22.f3 Rfd8
23.Kf1 Rd7 24.Nb3 f4 25.Bf2 Bc4+ 26.Ke1 Bd8 27.Nc5 Bxb6 28.Nxd7 Bxa5+ 29.c3 Bb5  0-1

[Event "Open"]
[Site "Pamplona ESP"]
[Date "2008.12.27"]
[Round "7"]
[White "Rudolf,An"]
[Black "Diaz Mollenedo,W"]
[Result "1-0"]
[WhiteElo "2318"]
[BlackElo "2015"]

1.e4 c5 2.Nf3 d6 3.Bb5+ Bd7 4.Bxd7+ Qxd7 5.O-O Nc6 6.Qe2 g6 7.c3 Bg7 8.Rd1 Rc8
9.Na3 Nf6 10.d4 cxd4 11.cxd4 O-O 12.Bg5 Rfe8 13.e5 Nd5 14.Nc4 h6 15.Bh4 Nf4
16.Qf1 d5 17.Ne3 a6 18.Bg3 Ne6 19.Qd3 Red8 20.Rac1 h5 21.a3 Bh6 22.Rc3 Na5
23.Rdc1 Nc4 24.R1c2 b5 25.h3 Bf4 26.Kh2 Bxg3+ 27.fxg3 Nxe3 28.Qxe3 Rc4 29.b3 Rxc3
30.Qxc3 Qa7 31.Qa5 Kg7 32.Ng5 Nxd4 33.Rc7 Nxb3 34.Qc3 d4 35.Qxb3 Qxc7 36.Qxf7+ Kh6
37.h4 Rh8 38.Qf4 Qc4 39.Ne6+ Kh7 40.Qf7+ Kh6 41.Qg7+  1-0

[Event "35th Eastern Open"]
[Site "Washington DC USA"]
[Date "2008.12.27"]
[Round "1"]
[White "Rabin,E"]
[Black "Yermolinsky,A"]
[Result "0-1"]
[WhiteElo "2027"]
[BlackElo "2537"]

1.e4 c5 2.Nf3 d6 3.Bb5+ Nd7 4.d4 Nf6 5.Nc3 cxd4 6.Qxd4 e5 7.Qd3 h6 8.h3 Be7
9.Be3 O-O 10.O-O-O Qc7 11.Bxd7 Bxd7 12.g4 Rac8 13.Nh4 Nxe4 14.Nd5 Qxc2+ 15.Qxc2 Rxc2+
16.Kxc2 Bxh4 17.f3 Nf2 18.Bxf2 Bxf2 19.Ne7+ Kh7 20.Rxd6 Be6 21.Rd2 Bc5 22.Nd5 Bd4
23.Rxd4 exd4 24.Nf4 Rc8+ 25.Kd3 Bxa2 26.Ra1 Bc4+ 27.Kxd4 a6 28.Rc1 Rd8+ 29.Ke3 b5
30.h4 g5 31.hxg5 hxg5 32.Rh1+ Kg7 33.Nh5+ Kg6 34.Ng3 Rd3+ 35.Ke4 Rb3 36.Nf5 Bd3+
37.Ke5 f6+ 38.Ke6 Bxf5+ 39.gxf5+ Kg7 40.Rc1 Re3+ 41.Kd6 Rxf3 42.Rc7+ Kh6
43.Ke6 g4 44.Kxf6 g3 45.Rc8 Kh5 46.Rg8 Re3 47.Kf7 Kh4 48.f6 Kh3 49.Rg5 g2
50.Kg6 Re1 51.f7 g1=Q 52.Rxg1 Rxg1+ 53.Kf6 Rf1+ 54.Ke6 a5 55.f8=Q Rxf8  0-1

[Event "1st Asian Clubs"]
[Site "Al Ain UAE"]
[Date "2008.12.29"]
[Round "5"]
[White "Nguyen Van Huy"]
[Black "Pashikian,A"]
[Result "0-1"]
[WhiteElo "2422"]
[BlackElo "2611"]

1.e4 c5 2.Nf3 d6 3.Bb5+ Nd7 4.O-O a6 5.Bxd7+ Bxd7 6.d4 cxd4 7.Qxd4 Rc8 8.Nc3 e5
9.Qd3 h6 10.Rd1 Nf6 11.h3 Be7 12.Be3 O-O 13.a4 Qc7 14.a5 Be6 15.Nh4 Qc6 16.Nf5 Bxf5
17.exf5 Rfd8 18.f4 exf4 19.Bxf4 d5 20.Be5 d4 21.Ne2 Qxc2 22.Bxd4 Qxd3 23.Rxd3 Rc2
24.Kf1 h5 25.Re3 Nd5 26.Rb3 Bf6 27.Rd1 h4 28.Rdd3 Re8 29.Bxf6 Nxf6 30.Re3 Rxe3
31.Rxe3 Rxb2 32.Re5 Kf8 33.Nd4 Rb4 34.Nf3 Nd7 35.Rd5 Ke7 36.Ke2 Rb2+ 37.Nd2 Ra2
38.Kf3 Ra3+ 39.Ke2 Ra4 40.Nb3 Nb8 41.Re5+ Kf6 42.Rd5 Nc6 43.Nc5 Rxa5 44.Rd6+ Kxf5
45.Nxb7 Ra2+ 46.Kf1 Ne5 47.Rd4 Ng6 48.Nd8 Nf4 49.Rd7 g5 50.Nxf7 Nxg2 51.Nh6+ Kf4
52.Rd3 Ne3+ 53.Kg1 a5 54.Rd4+ Kg3  0-1

[Event "Open A"]
[Site "Groningen NED"]
[Date "2008.12.29"]
[Round "8"]
[White "Tan,Mat"]
[Black "Mostertman,M"]
[Result "1-0"]
[WhiteElo "2321"]
[BlackElo "2044"]

1.e4 c5 2.Nf3 d6 3.Bb5+ Bd7 4.Bxd7+ Qxd7 5.O-O Nc6 6.c4 Nf6 7.Nc3 g6 8.d4 cxd4
9.Nxd4 Bg7 10.Nde2 O-O 11.f3 Rfc8 12.b3 Rab8 13.a4 Ne8 14.Be3 Nc7 15.Qd2 Ne6
16.Rab1 b6 17.Rfc1 Ne5 18.Nd5 Re8 19.Nec3 Rbc8 20.Kh1 Nc5 21.Bg5 Ne6 22.Bh4 Nc5
23.Rd1 Rcd8 24.f4 Nc6 25.b4 Ne6 26.f5 Bxc3 27.fxe6 Qxe6 28.Qxc3 Qxe4 29.Bxe7  1-0

[Event "Open A"]
[Site "Groningen NED"]
[Date "2008.12.29"]
[Round "8"]
[White "Hirth,U"]
[Black "Hoeksema,E"]
[Result "1/2-1/2"]
[WhiteElo "2163"]
[BlackElo "2323"]

1.e4 c5 2.Nf3 d6 3.Bb5+ Nc6 4.c3 Nf6 5.Qe2 Bd7 6.d4 cxd4 7.cxd4 a6 8.Bxc6 Bxc6
9.Nc3 g6 10.O-O Bg7 11.Bg5 h6 12.Bh4 g5 13.Bg3 Nh5 14.Rfd1 Nxg3 15.hxg3 O-O
16.g4 Bd7 17.Nh2 Rc8 18.Nf1 e6 19.Ne3 b5 20.a3 Qb6 21.Qd2 Rc7 22.Rac1 Rfc8
23.Rc2 Qa7 24.Ne2 Rxc2 25.Nxc2 Bc6 26.Qd3 Qb7 27.f3 a5 28.b4 Qa7 29.bxa5 d5
30.Nb4 dxe4 31.fxe4 Qxa5 32.Rc1 Bd7 33.Rxc8+ Bxc8 34.e5 Bb7 35.Ng3 Qb6 36.Kf1 Ba8
37.Nc2 Qc7 38.Ne3 Qc1+ 39.Kf2 Bc6 40.Nh5 Kh8 41.Nxg7 Kxg7 42.Qc2 Qxc2+ 43.Nxc2 Kf8
44.Ne3 Ke7 45.Ke2 Kd7 46.Kd3 Kc7 47.Kc3 Kb6 48.Kb4 Be4 49.a4 bxa4 50.Kxa4 Kc6
51.Kb4 Bg6 52.Kc4 Be4 53.Kb4  1/2-1/2

[Event "Masters"]
[Site "Hastings ENG"]
[Date "2008.12.29"]
[Round "2"]
[White "Greet,A"]
[Black "Salem,I"]
[Result "0-1"]
[WhiteElo "2440"]
[BlackElo "2171"]

1.e4 c5 2.Nf3 d6 3.Bb5+ Nc6 4.O-O Bd7 5.Re1 a6 6.Bf1 Nf6 7.h3 g6 8.c3 Bg7
9.d4 cxd4 10.cxd4 O-O 11.Nc3 Rc8 12.e5 Ne8 13.Bf4 dxe5 14.dxe5 Nc7 15.Re2 Ne6
16.Bg3 Bh6 17.Qd5 Qc7 18.Qe4 Rfd8 19.Qh4 Kg7 20.Nd5 Qa5 21.Nxe7 Nxe7 22.Qxe7 Bc6
23.h4 Kg8 24.Ng5 Rd7 25.Qa3 Qxa3 26.bxa3 Nxg5 27.hxg5 Bxg5 28.Rc2 Rd4 29.Rb1 h5
30.Be2 h4 31.Bh2 Rcd8 32.Bf3 Be4 33.Rcb2 Bxb1 34.Rxb1 b5 35.Re1 Rd2 36.Bg4 Rxa2
37.f4 Rdd2 38.Bh3 Be7 39.f5 g5  0-1

[Event "Open A"]
[Site "Groningen NED"]
[Date "2008.12.30"]
[Round "9"]
[White "Van den Doel,E"]
[Black "Burg,T"]
[Result "1-0"]
[WhiteElo "2570"]
[BlackElo "2382"]

1.e4 c5 2.Nf3 d6 3.Bb5+ Bd7 4.Bxd7+ Qxd7 5.c4 Nf6 6.Nc3 g6 7.d4 cxd4 8.Nxd4 Bg7
9.h3 O-O 10.Be3 Rc8 11.b3 Nc6 12.O-O Nxd4 13.Bxd4 e5 14.Be3 b5 15.Nxb5 Nxe4
16.Qd5 a6 17.Nxd6 Nxd6 18.c5 Bf8 19.Rad1 Rc6 20.cxd6 Qxd6 21.Qe4 Qe6 22.Rd5 f6
23.Rfd1 Rac8 24.Rd7 R6c7 25.Rxc7 Rxc7 26.Qa8 Qc6 27.Rd8 Qxa8 28.Rxa8 Rc6
29.Bh6  1-0

[Event "5th Open"]
[Site "Vandoeuvre les Nancy FRA"]
[Date "2008.12.30"]
[Round "9"]
[White "Riff,JN"]
[Black "Bauer,Ch"]
[Result "1/2-1/2"]
[WhiteElo "2512"]
[BlackElo "2592"]

1.e4 c5 2.Nf3 d6 3.Bb5+ Bd7 4.Bxd7+ Qxd7 5.c4 g6 6.d4 cxd4 7.Nxd4 Nf6 8.Nc3 Bg7
9.O-O O-O 10.f3 Rc8 11.b3 d5 12.exd5 Nxd5 13.Nxd5 e6 14.Bh6 exd5 15.Bxg7  1/2-1/2